000 00907nam a2200241Ia 4500
001 16673
003 GE_BSU
008 181216s||||||||xx |||||||||||||| ||und||
040 _cGE_BSU
080 _a821.161.1-31
100 _aფადეევი, ა.
245 _aახალგაზრდა გვარდია
245 _bრომანი
245 _cთარგმ. პოლიო აბრამიასი. რედ.მ.მაისურაძე. მხ.თ.სამსონია
260 _aთბილისი
260 _bსაბჭ. საქართველო
260 _c1960
300 _a733გვ. : 1ფ. ილ. ; 22სმ
300 _eდანართი: გამომცემლობისაგან, გვ. 727-732
653 _aახალგაზრდა გვარდია
653 _aრომანი
942 _cBK
999 _c49738
_d49738